000 00358nam a2200157Ia 4500
008 221030s9999 xx 000 0 und d
041 _aEnglish
082 _a105.23
_bAwa
100 _aE. M. Awad
245 0 _aSystems Analysis & Design
250 _a2nd
260 _bGalgotia Pub
_aNew Delhi
_c2004
300 _a524
650 _aComputers
942 _cBK
999 _c2056
_d2056